000 00985nam a2200277Ia 4500
003 OSt
005 20221005111144.0
006 a|||||r|||| 00| 0
007 ta
008 221004b |||||||| |||| 00| 0 hin d
020 _a9789388434768 (hbk)
_cINR 195.00
024 _a42522
037 _bGV795, 21/02/2019, Vani Prakashan
_cTextual
040 _aCRL
_cCRL
_bhin
041 _2hin
_ahin
082 _aO152,1N34x, Q9
100 _aकेदारनाथ सिंह, ले.
245 0 _aऑंसू का वज़न
246 _aऑansū kā vaज़na
260 _aनई दिल्ली
_bवाणी प्रकाशन भारत
_c2019
300 _a63पृ0
_ccm.
650 _a हिन्दी साहित्य
650 _aहिन्दी कविता
942 _hO152,1N34x, Q9
_cTEXL
_2cc
999 _c1020978
_d1020978